00955naa#a2200181#i#4500001001600000005001700016011001400033100004100047102000700088200017200095210011800267215001100385608004500396675020500441700005200646700006000698856001500758RU\\bibl\10392020260605002645.5##a2658-4026##a20250930b2025####ek#y0rusy0150####ca##aRU1#aФакторы эргономики и коммуникативная активность студенческой молодежиeЖурнальная статья1#aБрянскcБрянский государственный технический университетd2025##a10 с.##aЖурнальная статья2local##aЛабораторные работы. Самостоятельные исследования. Практика вне учебного заведения. 378.147.88aЭргономика. 331.101.1#1aДенисовgДмитрий Павлович#1aОгрызковgВладимир Евгеньевич4#anaukaru.ru